| 000 | 01214nam a2200289Ia 4500 | ||
|---|---|---|---|
| 999 |
_c55064 _d55064 |
||
| 001 | 22139 | ||
| 003 | GE_BSU | ||
| 005 | 20221128144110.0 | ||
| 008 | 181216s2017||||ge |||||||||||||| ||geo|| | ||
| 020 | _a9789941244803 | ||
| 040 | _cGE_BSU | ||
| 041 | _ageo | ||
| 080 | _a338.22 დ-42 | ||
| 245 |
_aდიდი წიგნი ბიზნესზე / _cმთარგმნელი ანა აფციაური ; რედაქტორი ლია შარვაშიძე. |
||
| 264 |
_aთბილისი : _bპალიტრა L, _c2017. |
||
| 300 |
_a352 გვ. : _bფოტ. ; _c24 სმ. |
||
| 490 | _aლურჯი ოკეანე | ||
| 500 | _aგანმარტებითი ლექსიკონი გვ. : 340-343 | ||
| 500 | _aსაძიებელი გვ. : 344-351 | ||
| 541 | _h34ლ.90თ. | ||
| 653 | _aბიზნესი | ||
| 653 | _aდიდი წიგნი ბიზნესზე | ||
| 653 | _aეკონომიკა | ||
| 700 |
_aაფციაური, ანა _eმთარგმნელი _916154 |
||
| 700 |
_aშარვაშიძე, ლია _eრედაქტორი _95787 |
||
| 942 |
_cBK _2udc |
||